Detalles MARC
| 000 -LEADER |
| campo de control de longitud fija |
01674nam a2200397 i 4500 |
| 001 - NÚMERO DE CONTROL |
| campo de control |
197454 |
| 003 - IDENTIFICADOR DE NÚMERO DE CONTROL |
| campo de control |
ES-MaACL |
| 005 - FECHA Y HORA DE LA ÚLTIMA TRANSACCIÓN |
| campo de control |
20250805062633.0 |
| 007 - CAMPO FIJO DE DESCRIPCIÓN FÍSICA--INFORMACIÓN GENERAL |
| campo de control de longitud fija |
ta |
| 008 - DATOS DE LONGITUD FIJA--INFORMACIÓN GENERAL |
| campo de control de longitud fija |
080328s1979 fr |||||| |000 ||fre|c |
| 020 ## - NÚMERO INTERNACIONAL ESTÁNDAR DEL LIBRO |
| Número Internacional Estándar del Libro |
221300661X |
| Información calificativa |
(v. 1) |
| 020 ## - NÚMERO INTERNACIONAL ESTÁNDAR DEL LIBRO |
| Número Internacional Estándar del Libro |
9782213014685 |
| Información calificativa |
(v. 3) |
| 035 ## - NÚMERO DE CONTROL DEL SISTEMA |
| Número de control de sistema |
(ES-BaCBU).b54183467 |
| 035 ## - NÚMERO DE CONTROL DEL SISTEMA |
| Número de control de sistema |
(OCoLC)865269127 |
| 040 ## - FUENTE DE CATALOGACIÓN |
| Centro catalogador/agencia de origen |
ES-BaCBU |
| Lengua de catalogación |
cat |
| Centro/agencia transcriptor |
ES-BaCBU |
| Centro/agencia modificador |
ES-MaACL |
| 080 ## - NÚMERO DE LA CLASIFICACIÓN DECIMAL UNIVERSAL |
| Número de la Clasificación Decimal Universal |
929Mahler, Gustav |
| 100 1# - ENTRADA PRINCIPAL--NOMBRE DE PERSONA |
| Nombre de persona |
La Grange, Henry-Louis de, |
| Fechas asociadas al nombre |
1924- |
| Término indicativo de función/relación |
Autor |
| 9 (RLIN) |
240809 |
| 245 10 - MENCIÓN DEL TÍTULO |
| Título |
Gustav Mahler : |
| Resto del título |
chronique d'une vie / |
| Mención de responsabilidad, etc. |
Henry Louis de la Grange ; préface de Pierre Boulez |
| 260 ## - PUBLICACIÓN, DISTRIBUCIÓN, ETC. |
| Lugar de publicación, distribución, etc. |
Paris : |
| Nombre del editor, distribuidor, etc. |
Fayard, |
| Fecha de publicación, distribución, etc. |
1979-1984 |
| 300 ## - DESCRIPCIÓN FÍSICA |
| Extensión |
3 v. : il. ; |
| Otras características físicas |
22 cm |
| 336 ## - TIPO DE CONTENIDO |
| Fuente |
rdacontent |
| Término de tipo de contenido |
texto |
| 337 ## - TIPO DE MEDIO |
| Fuente |
rdamedia |
| Nombre/término del tipo de medio |
sin mediación |
| 338 ## - TIPO DE SOPORTE |
| Fuente |
rdacarrier |
| Nombre/término del tipo de soporte |
volumen |
| 505 8# - NOTA DE CONTENIDO CON FORMATO |
| Nota de contenido con formato |
Conté: 1. Vers la gloire 1860-1900. 3. Le génie foudroyé 1907-1911 |
| 600 14 - PUNTO DE ACCESO ADICIONAL DE MATERIA--NOMBRE DE PERSONA |
| Nombre de persona |
Mahler, Gustav, |
| Fechas asociadas al nombre |
1860-1911 |
| Fuente del encabezamiento o término |
lemac |
| 9 (RLIN) |
75538 |
| 650 #7 - PUNTO DE ACCESO ADICIONAL DE MATERIA--TÉRMINO DE MATERIA |
| Término de materia o nombre geográfico como elemento de entrada |
Compositores |
| 9 (RLIN) |
165314 |
| 830 #3 - PUNTO DE ACCESO ADICIONAL DE SERIE-TÍTULO UNIFORME |
| Título uniforme |
La Bibliothèque des grands musiciens |
| 9 (RLIN) |
240810 |
| 852 ## - LOCALIZACIÓN |
| Ubicación |
ES-MaACL |
| Ubicación en estantería |
Depósito 1 |
| Número de control de estantería |
A-15545 |
| Donativo/Legado |
Donación: Fernando Codina Rodríguez |
| Designación de la unidad física |
Vol. I |
| Encuadernación |
Encuadernación cartoné con sobrecubierta |
| itemnumber |
205892 |
| 852 ## - LOCALIZACIÓN |
| Ubicación |
ES-MaACL |
| Ubicación en estantería |
Depósito 1 |
| Número de control de estantería |
A-15546 |
| Donativo/Legado |
Donación: Fernando Codina Rodríguez |
| Designación de la unidad física |
Vol. II |
| Encuadernación |
Encuadernación cartoné con sobrecubierta |
| itemnumber |
205893 |
| 852 ## - LOCALIZACIÓN |
| Ubicación |
ES-MaACL |
| Ubicación en estantería |
Depósito 1 |
| Número de control de estantería |
A-15547 |
| Donativo/Legado |
Donación: Fernando Codina Rodríguez |
| Designación de la unidad física |
Vol. III |
| Encuadernación |
Encuadernación cartoné con sobrecubierta |
| itemnumber |
205894 |
| 903 ## - NOMBRE PERSONAL DE DONANTE |
| a |
Codina Rodríguez, Fernando |
| e |
Donante |
| 9 |
238631 |
| 942 ## - ELEMENTOS DE ENTRADA SECUNDARIOS (KOHA) |
| Suprimir en OPAC |
No |
| Tipo de ítem Koha |
Libro impreso |